| 000 | 00471nam a22001937a 4500 | ||
|---|---|---|---|
| 003 | OSt | ||
| 005 | 20140310181942.0 | ||
| 008 | 130724t xxu||||| |||| 00| 0 eng d | ||
| 050 |
_aB 385.A5 _b.P718 1951 |
||
| 082 |
_aCLA P69s _b1951 |
||
| 100 |
_aPlato _93656 |
||
| 245 | _aThe symposium / | ||
| 260 |
_aBaltimore : _bPenguin Books, _cc1951. |
||
| 300 |
_a121 p. _c18 cm. |
||
| 541 | _j1 | ||
| 562 | _e1 | ||
| 650 |
_aClassics _92808 |
||
| 942 |
_2lcc _cBBK _kCLA |
||
| 999 |
_c7680 _d7680 |
||